000 01036nam a22002777i 4500
003 DO-SdBNP
005 20240613153902.0
006 a||||gr|||| 00| 0
007 ta
008 240613e2023 dr aoc|| |||| 00| 0 spa d
020 _a9789945648003
040 _aDO-SdBNP
_bspa
_cBNPHU
_erda
082 4 _222
_bG934a
100 1 _aGuerrero, José Alfredo
_952123
_eautor
245 1 0 _aArmas para dominicanos /
_cJosé Alfredo Guerrero; diseño de portada, Roberto Aybar Guerrero
264 _aSanto Domingo :
_bSantuario,
_c2023
300 _a239 páginas :
_bilustraciones, fotografías, retratos ;
_c23 cm.
336 _2rdacontent
_atexto
_btxt
337 _2rdamedia
_asin mediación
_bn
338 _2rdacarrier
_avolumen
_bnc
500 _aIncluye datos biograficós del autor en la solapa de la cubierta.
500 _aColección de artículos de opinión publicados en el periódico digital Acento.com.do
590 _aInventariado 2024 / MF
700 1 _aAybar Guerrero, Roberto,
_ediseño de portada
_985661
942 _2ddc
_cLBS1
999 _c56852
_d56852